| 000 | 00813nam a2200253Ia 4500 | ||
|---|---|---|---|
| 003 | OSt | ||
| 005 | 20220926013502.0 | ||
| 006 | a|||||r|||| 00| 0 | ||
| 007 | ta | ||
| 008 | 220923b |||||||| |||| 00| 0 eng d | ||
| 020 |
_a9781682511411 _c11350.40 |
||
| 037 |
_bIN-00057, 14/02/2019, Kiran Book Service _cGeneral Book |
||
| 040 |
_aRTL _cRTL _beng |
||
| 041 |
_2eng _aeng |
||
| 082 | _aX:51b4, Q6 | ||
| 100 |
_aLIPOVETSKY Stan _9318443 |
||
| 245 | 0 | _aTools and techniques of marketing research and advertising | |
| 260 |
_aNew York _bIntelliz Press _c2016 |
||
| 300 |
_axvii,184p _ccm. |
||
| 650 | _aCommerce | ||
| 700 |
_a MAGNAN Shon _9318444 |
||
| 942 |
_hX:51b4, Q6 _cGB _2CC |
||
| 999 |
_c626091 _d626091 |
||